000 00756cam a22002531 4500
001 4760
003 BD-RjUL
005 20211208233942.0
008 131222s19671952enk 001 0 eng
035 _a(BD-RjUL)4795
035 _a(OCoLC)497114
040 _aDLC
_cOKentU
_dOCoLC
_dUk
_dDLC
_dBD-RjUL
_beng
041 _aeng
082 _a323.1497
_bWAH 1967
100 1 _aWalters, F. P.
_q(Francis Paul),
_d1888-
_915008
245 0 2 _aA history of the League of Nations /
_cby F. P. Walters.
260 _aLondon :
_aNew York :
_bOxford University Press,
_cc1952 [Reprint 1967].
300 _axv, 833 p. ;
_c26 cm.
504 _aIncludes Index.
610 2 0 _aLeague of Nations
_915012
942 _2ddc
_cBK
999 _c4760
_d4760